000 00360nam a2200133Ia 4500
008 220214s9999 xx 000 0 und d
022 _a0009-2460
245 0 _aChemical Engineering
260 _bMcGraw Hill
_aNew York
500 _aEnding Volume & Year: 93, 1986
500 _aMissing Volume: 74-84
500 _aStarting Volume & Year: 72, 1965
942 _cBJ
999 _c7828
_d7828